Excel as the Software Instrument of Incidental Settlement of the Account Population

Úvod do problematiky. Metodický návod na náhodné usporiadanie súboru dát - ideová štúdia. Návod na prácu s makrom na náhodné usporiadanie súboru dát.

Na minha lista:
Detalhes bibliográficos
Autor principal: Maděra, František
Outros Autores: Brezinová, Zdena
Formato: Capítulo de Livro
Idioma:eslovaco
Assuntos:
Tags: Adicionar Tag
Sem tags, seja o primeiro a adicionar uma tag!

MARC

LEADER 00000naa$a2200000$$$4500
001 0248055
005 20190423085706.3
041 0 |a slo 
044 |a CZ 
245 1 0 |a Excel as the Software Instrument of Incidental Settlement of the Account Population  |c František Maděra, Zdena Brezinová 
520 |a Úvod do problematiky. Metodický návod na náhodné usporiadanie súboru dát - ideová štúdia. Návod na prácu s makrom na náhodné usporiadanie súboru dát. 
610 2 0 |a účtovníctvo 
610 2 0 |a audit 
610 2 0 |a programy počítačové 
610 2 0 |a programovanie 
610 2 0 |a dáta 
100 1 |a Maděra, František 
700 1 |a Brezinová, Zdena